The foundation of behavioural economic analysis: Volume VII- further topics in behavioural economics (Record no. 115709)

MARC details
000 -LEADER
fixed length control field 00298 a2200097 4500
020 ## - INTERNATIONAL STANDARD BOOK NUMBER
International Standard Book Number 9780198861959
100 ## - MAIN ENTRY--PERSONAL NAME
Personal name Sanjit Dhami
245 ## - TITLE STATEMENT
Title The foundation of behavioural economic analysis: Volume VII- further topics in behavioural economics
260 ## - PUBLICATION, DISTRIBUTION, ETC. (IMPRINT)
Name of publisher, distributor, etc Oxford University Press
Date of publication, distribution, etc 2020
942 ## - ADDED ENTRY ELEMENTS (KOHA)
Koha item type On order/under processing
Holdings
Withdrawn status Lost status Damaged status Not for loan Home library Current library Date acquired Source of acquisition Cost, normal purchase price Total Checkouts Barcode Date last seen Cost, replacement price Price effective from Koha item type
        University Library University Library 09/03/2026 173 1116.00   00097787 09/03/2026 1395.00 09/03/2026 On order/under processing
University Library, CUSAT